| 000 | 00344nam a2200097Ia 4500 | ||
|---|---|---|---|
| 008 | 220120s9999||||xx |||||||||||||| ||und|| | ||
| 100 |
_aManjunath, M.S, Sunil Kumar, R.B, Sunil Kumar, B.N and Vivek _912318 |
||
| 245 | 0 | _aRFID based railway station automation | |
| 260 |
_aCoorg Institute of Technology _bPonnampet _c2011 |
||
| 650 | _aCOMPUTER SCIENCE | ||
| 999 |
_c137904 _d137904 |
||